Agro-forestry potential in monkolborei district banteaymeanchey province,( សក្តានុពលភាពកសិរុក្ខាកម្មនៅស្រុកមង្គុលបូរី ខេត្តបន្ទាួមានជ័យ) (Record no. 311)
[ view plain ]
| 000 -LEADER | |
|---|---|
| fixed length control field | 00613nam a22001577a 4500 |
| 003 - CONTROL NUMBER IDENTIFIER | |
| control field | OSt |
| 005 - DATE AND TIME OF LATEST TRANSACTION | |
| control field | 20150912143725.0 |
| 008 - FIXED-LENGTH DATA ELEMENTS--GENERAL INFORMATION | |
| fixed length control field | 150912b xxu||||| |||| 00| 0 eng d |
| 040 ## - CATALOGING SOURCE | |
| Transcribing agency | RUA |
| 082 ## - DEWEY DECIMAL CLASSIFICATION NUMBER | |
| Classification number | AGR SEN 1 BOO17 1996 Or.1 |
| 100 ## - MAIN ENTRY--PERSONAL NAME | |
| 9 (RLIN) | 332 |
| Personal name | SOKSANSENG, |
| 245 ## - TITLE STATEMENT | |
| Title | Agro-forestry potential in monkolborei district banteaymeanchey province,( សក្តានុពលភាពកសិរុក្ខាកម្មនៅស្រុកមង្គុលបូរី ខេត្តបន្ទាួមានជ័យ) |
| 260 ## - PUBLICATION, DISTRIBUTION, ETC. (IMPRINT) | |
| Place of publication, distribution, etc. | phnom phen |
| Name of publisher, distributor, etc. | RUA |
| Date of publication, distribution, etc. | 1996 |
| 300 ## - PHYSICAL DESCRIPTION | |
| Extent | 79p. |
| Other physical details | ill. |
| Dimensions | 29cm. |
| 942 ## - ADDED ENTRY ELEMENTS (KOHA) | |
| Source of classification or shelving scheme | |
| Koha item type | AGR |
| Price effective from | Date last seen | Permanent Location | Not for loan | Date acquired | Source of classification or shelving scheme | Koha item type | Barcode | Lost status | Damaged status | Shelving location | Withdrawn status | Current Location | Full call number |
|---|---|---|---|---|---|---|---|---|---|---|---|---|---|
| 2015-09-12 | 2015-09-12 | Library Block B | 2015-09-12 | AGR | RUA003452 | B017 | Library Block B | AGR SEN 1 BOO17 1996 Or.1 | |||||
| 2015-09-12 | 2015-09-12 | Library Block B | 2015-09-12 | AGR | RUA003524 | B017 | Library Block B | AGR SEN 1 BOO17 1996 Or.2 | |||||
| 2015-09-12 | 2015-09-12 | Library Block B | 2015-09-12 | AGR | RUA004417 | B017 | Library Block B | AGR SEN 1 BOO17 1996 Or.3 | |||||
| 2015-09-12 | 2015-09-12 | Library Block B | 2015-09-12 | AGR | RUA004489 | B017 | Library Block B | AGR SEN 1 BOO17 1996 Or.4 | |||||
| 2015-09-12 | 2015-09-12 | Library Block B | 2015-09-12 | AGR | RUA004494 | B017 | Library Block B | AGR SEN 1 BOO17 1996 Or.5 | |||||
| 2015-09-12 | 2015-09-12 | Library Block B | 2015-09-12 | AGR | RUA004422 | B017 | Library Block B | AGR SEN 1 BOO17 1996 Or.6 | |||||
| 2015-09-12 | 2015-09-12 | Library Block B | 2015-09-12 | AGR | RUA003677 | B017 | Library Block B | AGR SEN 1 BOO17 1996 Or.7 | |||||
| 2015-09-12 | 2015-09-12 | Library Block B | 2015-09-12 | AGR | RUA007590 | B017 | Library Block B | AGR SEN 1 BOO17 1996 Or.8 |